[Event "Saint John op-2"]
[Site "Saint John CAN"]
[Date "1988.??.??"]
[Round "?"]
[White "Nogueiras, Jesus"]
[Black "Inkiov, Ventzislav"]
[Result "1/2-1/2"]
[WhiteElo "2560"]
[BlackElo "2490"]
[PlyCount "128"]
[GameId "2160767912586825"]
[EventDate "1988.02.08"]
[EventType "swiss"]
[EventRounds "9"]
[EventCountry "CAN"]
[SourceTitle "CBM 006"]
[Source "ChessBase"]
[SourceDate "2004.01.01"]
[SourceVersion "1"]
[SourceVersionDate "2004.01.01"]
[SourceQuality "1"]

1. d4 Nf6 2. c4 e6 3. Nc3 d5 4. cxd5 exd5 5. Bg5 Be7 6. e3 c6 7. Bd3 Nbd7 8. Nge2 O-O 9. O-O Re8 10. f3 h6 11. Bh4 c5 12. Kh1 a6 13. dxc5 Nxc5 14. Bc2 Be6 15. Nd4 Rc8 16. Rb1 b5 17. Nce2 Nh5 18. Bf2 Bd7 19. Rc1 g6 20. Nc3 Nf6 21. Bh4 Ne6 22. Bb3 Nxd4 23. exd4 Be6 24. Re1 Qb6 25. Rc2 g5 26. Bg3 Bf8 27. Rce2 Bg7 28. Be5 Red8 29. Qd3 Rc6 30. Bc2 Kf8 31. Nd1 b4 32. Ne3 Rdc8 33. Kg1 Qa5 34. Bb3 Kg8 35. Nf5 Bxf5 36. Qxf5 Qd8 37. Bc2 Re6 38. Qh3 Rec6 39. Qf5 Re6 40. Qd3 a5 41. Qd1 Rec6 42. Bf5 Ra8 43. Bc2 Rac8 44. Qd3 Re6 45. Kf1 Kf8 46. Qb5 Qb6 47. Qxb6 Rxb6 48. Bf5 Rc4 49. Bd3 Rc8 50. Bf5 Rc4 51. Bg3 a4 52. Bd7 Kg8 53. Bxa4 Nh5 54. Re8+ Kh7 55. Be5 Bxe5 56. dxe5 Nf4 57. Rd1 Re6 58. g3 Ng6 59. Re1 Kg7 60. Rxe6 fxe6 61. Bb3 Rc5 62. Kf2 Kf7 63. Re2 Ke7 64. Re3 Rc1 1/2-1/2

[Event "Saint John op-2"]
[Site "Saint John CAN"]
[Date "1988.??.??"]
[Round "?"]
[White "Nogueiras, Jesus"]
[Black "Lein, Anatoly"]
[Result "1-0"]
[WhiteElo "2560"]
[BlackElo "2475"]
[PlyCount "120"]
[GameId "2160767912586827"]
[EventDate "1988.02.08"]
[EventType "swiss"]
[EventRounds "9"]
[EventCountry "CAN"]
[SourceTitle "CBM 006"]
[Source "ChessBase"]
[SourceDate "2004.01.01"]
[SourceVersion "1"]
[SourceVersionDate "2004.01.01"]
[SourceQuality "1"]

1. d4 Nf6 2. c4 e6 3. Nc3 d5 4. cxd5 exd5 5. Bg5 Be7 6. e3 c6 7. Bd3 O-O 8. Qc2 Nbd7 9. Nf3 Re8 10. O-O Nf8 11. Rab1 Bg4 12. Ne5 Be6 13. f4 Ng4 14. Bxe7 Qxe7 15. Rbe1 Nxe5 16. fxe5 Rac8 17. Qf2 Ng6 18. a3 Rcd8 19. Qg3 Rf8 20. Rf2 Kh8 21. Ref1 Qh4 22. Qxh4 Nxh4 23. b4 Kg8 24. b5 Rc8 25. e4 Rfd8 26. bxc6 bxc6 27. exd5 cxd5 28. Na4 Ng6 29. Bxg6 hxg6 30. Nc5 Rc7 31. Rb1 Bf5 32. Rb3 f6 33. exf6 gxf6 34. Rf4 Rf8 35. a4 Re7 36. Kf2 Rfe8 37. Rb2 Kg7 38. a5 Be4 39. Kg3 g5 40. Rff2 Kg6 41. a6 f5 42. Rfe2 Rh7 43. h3 f4+ 44. Kf2 f3 45. gxf3 Rf8 46. Nxe4 dxe4 47. Rxe4 Rxh3 48. Re6+ Kh5 49. Rb3 Rf4 50. Re7 g4 51. Rxa7 Rhxf3+ 52. Rxf3 Rxf3+ 53. Kg2 Ra3 54. Ra8 Kh4 55. a7 Ra2+ 56. Kf1 Kg3 57. Ke1 Kg2 58. d5 g3 59. d6 Ra5 60. Ke2 Ra6 1-0

[Event "Saint John op-2"]
[Site "Saint John CAN"]
[Date "1988.??.??"]
[Round "?"]
[White "O'Donnell, Tom"]
[Black "Gipslis, Aivars"]
[Result "0-1"]
[WhiteElo "2505"]
[BlackElo "2340"]
[PlyCount "80"]
[GameId "2160767912586828"]
[EventDate "1988.02.08"]
[EventType "swiss"]
[EventRounds "9"]
[EventCountry "CAN"]
[SourceTitle "CBM 006"]
[Source "ChessBase"]
[SourceDate "2004.01.01"]
[SourceVersion "1"]
[SourceVersionDate "2004.01.01"]
[SourceQuality "1"]

1. e4 d6 2. d4 Nf6 3. Nc3 g6 4. Nf3 Bg7 5. h3 c6 6. a4 O-O 7. Be3 Nbd7 8. Be2 Qc7 9. Qd2 b6 10. O-O Bb7 11. Rad1 a6 12. Bf4 e5 13. dxe5 dxe5 14. Bh2 Rad8 15. Qd6 Qc8 16. Qb4 Nh5 17. Rfe1 b5 18. axb5 axb5 19. Bf1 Rfe8 20. Nb1 Qc7 21. Qb3 Nf4 22. c4 Ba6 23. cxb5 cxb5 24. Na3 Nc5 25. Qe3 b4 26. Rc1 Bxf1 27. Rxc5 Qe7 28. Rxf1 Rd3 29. Bxf4 Rxe3 30. Bxe3 bxa3 31. bxa3 Qb7 32. Rd5 Qb3 33. Bc5 Qc2 34. Rfd1 h6 35. R1d3 Rc8 36. Bd6 Qe2 37. Nxe5 Rc2 38. Ng4 h5 39. Re3 Rc1+ 40. Kh2 Qf1 0-1

[Event "Saint John op-2"]
[Site "Saint John CAN"]
[Date "1988.??.??"]
[Round "?"]
[White "O'Donnell, Tom"]
[Black "Groszpeter, Attila"]
[Result "1-0"]
[WhiteElo "2340"]
[BlackElo "2495"]
[PlyCount "95"]
[GameId "2160767912586829"]
[EventDate "1988.02.08"]
[EventType "swiss"]
[EventRounds "9"]
[EventCountry "CAN"]
[SourceTitle "CBM 06"]

1. e4 c6 2. d4 d5 3. Nd2 dxe4 4. Nxe4 Nf6 5. Nxf6+ gxf6 6. Nf3 Bg4 7. Be2 Qc7 8. h3 Bf5 9. Be3 Nd7 10. c4 e6 11. Qd2 O-O-O 12. b4 Rg8 13. Kf1 Be4 14. h4 Bxf3 15. gxf3 f5 16. d5 Nb6 17. Rc1 c5 18. Qc2 cxb4 19. d6 Qc6 20. Qb3 Kb8 21. Bg5 Rc8 22. c5 Nd7 23. Be3 Bxd6 24. cxd6 Qxc1+ 25. Bxc1 Rxc1+ 26. Bd1 Nc5 27. Qxb4 Rxd1+ 28. Ke2 Rd5 29. Rd1 Rxd1 30. Kxd1 b6 31. Ke2 e5 32. Qc3 Re8 33. f4 f6 34. Qc4 Re6 35. Qd5 exf4+ 36. Kf3 Kc8 37. Qc6+ Kd8 38. Qc7+ Ke8 39. Qc8+ Kf7 40. d7 Nxd7 41. Qxd7+ Re7 42. Qxf5 Kg7 43. h5 Rf7 44. Kxf4 Rc7 45. h6+ Kf8 46. Kg4 Rf7 47. Qc8+ Ke7 48. Kf5 1-0

[Event "Saint John op-2"]
[Site "Saint John CAN"]
[Date "1988.??.??"]
[Round "?"]
[White "O'Donnell, Tom"]
[Black "Ivanovic, Bozidar"]
[Result "0-1"]
[WhiteElo "2340"]
[BlackElo "2530"]
[PlyCount "52"]
[GameId "2160767912586830"]
[EventDate "1988.02.08"]
[EventType "swiss"]
[EventRounds "9"]
[EventCountry "CAN"]
[SourceTitle "CBM 06"]

1. e4 c6 2. d4 d5 3. Nd2 dxe4 4. Nxe4 Nd7 5. Bc4 Ngf6 6. Ng5 e6 7. Qe2 Nb6 8. Bd3 h6 9. N5f3 c5 10. dxc5 Bxc5 11. Ne5 O-O 12. Ngf3 Nbd7 13. O-O b6 14. b4 Nxe5 15. Nxe5 Bd6 16. Bb2 Bb7 17. Rad1 Qc7 18. Rfe1 Bxb4 19. c3 Bc5 20. Bc1 Rad8 21. Ng4 Nxg4 22. Qxg4 f5 23. Qe2 Rf6 24. Be3 Bd6 25. g3 Qc6 26. f3 Qxf3 0-1

[Event "Saint John op-2"]
[Site "Saint John CAN"]
[Date "1988.??.??"]
[Round "?"]
[White "O'Donnell, Tom"]
[Black "Lalic, Bogdan"]
[Result "1/2-1/2"]
[WhiteElo "2340"]
[BlackElo "2495"]
[PlyCount "36"]
[GameId "2160767912586831"]
[EventDate "1988.02.08"]
[EventType "swiss"]
[EventRounds "9"]
[EventCountry "CAN"]
[SourceTitle "CBM 06"]

1. e4 e5 2. Nf3 Nc6 3. Bb5 a6 4. Bxc6 dxc6 5. O-O f6 6. d4 exd4 7. Nxd4 c5 8. Nb3 Qxd1 9. Rxd1 Bg4 10. f3 Bd7 11. Bf4 O-O-O 12. c4 b6 13. Nc3 Ne7 14. Nd2 Ng6 15. Bg3 Bd6 16. Nf1 Be6 17. Ne3 Ne5 18. Ned5 Kb7 1/2-1/2

[Event "Saint John op-2"]
[Site "Saint John CAN"]
[Date "1988.??.??"]
[Round "?"]
[White "O'Donnell, Tom"]
[Black "Lindsay, Fred"]
[Result "1-0"]
[WhiteElo "2340"]
[BlackElo "2250"]
[PlyCount "83"]
[GameId "2160767912586832"]
[EventDate "1988.02.08"]
[EventType "swiss"]
[EventRounds "9"]
[EventCountry "CAN"]
[SourceTitle "CBM 006"]
[Source "ChessBase"]
[SourceDate "2004.01.01"]
[SourceVersion "1"]
[SourceVersionDate "2004.01.01"]
[SourceQuality "1"]

1. e4 e6 2. d4 d5 3. Nd2 Nf6 4. e5 Nfd7 5. f4 c5 6. c3 Nc6 7. Ndf3 Qb6 8. g3 Be7 9. Bh3 cxd4 10. cxd4 O-O 11. Kf1 a5 12. Kg2 Qa6 13. Ne2 Nb6 14. g4 Bd7 15. Ng3 Nb4 16. g5 Rfc8 17. Ne1 Qc4 18. b3 Qc3 19. Rb1 Nc2 20. Nf3 Ba3 21. Qd2 Bxc1 22. Qxc3 Rxc3 23. Rhxc1 Rac8 24. Ne2 R3c7 25. Kf2 Bb5 26. Bf1 Nb4 27. Ne1 Bxe2 28. Rxc7 Rxc7 29. Bxe2 Nxa2 30. Ra1 Nb4 31. Rxa5 Nc8 32. Ra8 Nc6 33. Ke3 N6a7 34. Nd3 Kf8 35. Nc5 b6 36. Na4 Ke7 37. Ba6 Kd7 38. Rb8 Kc6 39. Kd3 h6 40. gxh6 gxh6 41. b4 b5 42. Nc5 1-0

[Event "Saint John op-2"]
[Site "Saint John CAN"]
[Date "1988.??.??"]
[Round "?"]
[White "Olafsson, Helgi"]
[Black "Inkiov, Ventzislav"]
[Result "1/2-1/2"]
[WhiteElo "2510"]
[BlackElo "2490"]
[PlyCount "111"]
[GameId "2160767912586834"]
[EventDate "1988.02.08"]
[EventType "swiss"]
[EventRounds "9"]
[EventCountry "CAN"]
[SourceTitle "CBM 006"]
[Source "ChessBase"]
[SourceDate "2004.01.01"]
[SourceVersion "1"]
[SourceVersionDate "2004.01.01"]
[SourceQuality "1"]

1. c4 e6 2. Nf3 Nf6 3. d4 d5 4. g3 dxc4 5. Bg2 c5 6. O-O Nc6 7. Qa4 Bd7 8. Qxc4 b5 9. Qd3 Rc8 10. dxc5 Bxc5 11. Nc3 Nb4 12. Qb1 Bc6 13. a3 Nbd5 14. Ne5 Nxc3 15. bxc3 Bxg2 16. Qxb5+ Ke7 17. Kxg2 Qd5+ 18. Nf3 Ne4 19. c4 Qa8 20. Qb2 f6 21. Bd2 Kf7 22. Bb4 Bb6 23. Rfc1 Rhd8 24. a4 Rb8 25. Qa3 a5 26. Be7 Rd7 27. c5 Rxe7 28. cxb6 Rxb6 29. Rab1 Rxb1 30. Rxb1 Qa7 31. e3 Qa8 32. Qd3 Ng5 33. Qe2 Rc7 34. h4 Nxf3 35. Qxf3 Qxf3+ 36. Kxf3 Rc4 37. h5 f5 38. Rb7+ Kf6 39. h6 gxh6 40. Rxh7 Rxa4 41. Rxh6+ Ke5 42. Rh8 Ra2 43. Ra8 a4 44. Ra5+ Kd6 45. e4 fxe4+ 46. Kxe4 a3 47. g4 Ra1 48. Kf3 e5 49. g5 a2 50. Kg2 Ke6 51. g6 Kf6 52. Ra6+ Kg7 53. Kh2 Kh6 54. Kg2 Kg7 55. Kh2 Kh6 56. Kg2 1/2-1/2

[Event "Saint John op-2"]
[Site "Saint John CAN"]
[Date "1988.??.??"]
[Round "?"]
[White "Olafsson, Helgi"]
[Black "Southam, Todd"]
[Result "1-0"]
[WhiteElo "2510"]
[BlackElo "2295"]
[PlyCount "67"]
[GameId "2160767912586836"]
[EventDate "1988.02.08"]
[EventType "swiss"]
[EventRounds "9"]
[EventCountry "CAN"]
[SourceTitle "CBM 06"]

1. Nf3 Nf6 2. c4 e6 3. Nc3 d5 4. d4 Be7 5. Bg5 h6 6. Bxf6 Bxf6 7. e3 b6 8. Qc2 O-O 9. O-O-O Bb7 10. cxd5 exd5 11. h4 Nc6 12. a3 Qd7 13. g4 Qxg4 14. Nxd5 Nb4 15. Nxf6+ gxf6 16. axb4 Bxf3 17. Be2 Kh8 18. Rhg1 Qh5 19. Bxf3 Qxf3 20. Rg3 Qd5 21. e4 Qh5 22. Qd2 Rg8 23. Qf4 Rxg3 24. fxg3 Qe2 25. Qxf6+ Kg8 26. Qc6 Rd8 27. Rd2 Qe1+ 28. Kc2 Qxg3 29. Qxh6 Rd6 30. Qg5+ Qxg5 31. hxg5 Rg6 32. Rg2 f6 33. Kd3 Kf7 34. Rc2 1-0

[Event "Saint John op-2"]
[Site "Saint John CAN"]
[Date "1988.??.??"]
[Round "?"]
[White "Olafsson, Helgi"]
[Black "Toshkov, Tihomir"]
[Result "0-1"]
[WhiteElo "2510"]
[BlackElo "2395"]
[PlyCount "122"]
[GameId "2160767912586837"]
[EventDate "1988.02.08"]
[EventType "swiss"]
[EventRounds "9"]
[EventCountry "CAN"]
[SourceTitle "CBM 06"]

1. c4 e5 2. Nc3 Nf6 3. Nf3 Nc6 4. g3 d5 5. cxd5 Nxd5 6. d3 Nb6 7. Bg2 Be7 8. a3 O-O 9. O-O Be6 10. b4 a5 11. b5 Nd4 12. Nxd4 exd4 13. Na4 Bd5 14. Nxb6 cxb6 15. a4 Bxg2 16. Kxg2 Qd5+ 17. Kg1 Rad8 18. Ba3 Bc5 19. Bxc5 bxc5 20. b6 h5 21. Qd2 Rfe8 22. Rfe1 h4 23. Qf4 h3 24. Qf3 Qxf3 25. exf3 Rxe1+ 26. Rxe1 Rd6 27. Rb1 c4 28. dxc4 Rc6 29. Rc1 Rxb6 30. Kf1 Rb4 31. Ke2 Rxa4 32. Rc2 Ra3 33. Rb2 Rc3 34. Rxb7 Rxc4 35. f4 Rc2+ 36. Kf3 Rc3+ 37. Ke4 Rc2 38. Kf3 d3 39. Ra7 d2 40. Ke2 Ra2 41. Kd1 a4 42. Ra8+ Kh7 43. g4 g6 44. Rd8 a3 45. Ra8 Kg7 46. Ra6 Kf8 47. f5 gxf5 48. gxf5 Kg7 49. Ke2 f6 50. Kd1 Kf7 51. Ke2 Ke7 52. Kd1 Kd7 53. Ke2 Kc7 54. Ra8 Kb7 55. Ra4 Kb6 56. Ra8 Kb5 57. Ra7 Kc4 58. Ra8 Kb3 59. Rb8+ Kc2 60. Rc8+ Kb1 61. Ra8 Kc1 0-1

[Event "Saint John op-2"]
[Site "Saint John CAN"]
[Date "1988.??.??"]
[Round "?"]
[White "Pacey, Kevin"]
[Black "Fong, Juan"]
[Result "1-0"]
[WhiteElo "2240"]
[BlackElo "2220"]
[PlyCount "57"]
[GameId "2160767912586839"]
[EventDate "1988.02.08"]
[EventType "swiss"]
[EventRounds "9"]
[EventCountry "CAN"]
[SourceTitle "CBM 006"]
[Source "ChessBase"]
[SourceDate "2004.01.01"]
[SourceVersion "1"]
[SourceVersionDate "2004.01.01"]
[SourceQuality "1"]

1. e4 c5 2. Nf3 d6 3. Bc4 Nf6 4. Nc3 Nc6 5. d4 cxd4 6. Nxd4 e6 7. O-O Be7 8. Be3 O-O 9. f4 a6 10. a3 Qc7 11. Ba2 b5 12. f5 Nxd4 13. Bxd4 e5 14. Be3 Bb7 15. Nd5 Bxd5 16. Bxd5 Nxd5 17. Qxd5 Qxc2 18. Rac1 Qxb2 19. Rc7 Qe2 20. Bd2 Rac8 21. Rxc8 Rxc8 22. Qb7 Rc2 23. Qxe7 h6 24. Qe8+ Kh7 25. Qxf7 Qxd2 26. Qg6+ Kg8 27. f6 Rc7 28. f7+ Kf8 29. Qe6 1-0

[Event "Saint John op-2"]
[Site "Saint John CAN"]
[Date "1988.??.??"]
[Round "?"]
[White "Pacey, Kevin"]
[Black "La Rota, Fabio"]
[Result "1-0"]
[WhiteElo "2240"]
[BlackElo "2295"]
[PlyCount "105"]
[GameId "2160767912586841"]
[EventDate "1988.02.08"]
[EventType "swiss"]
[EventRounds "9"]
[EventCountry "CAN"]
[SourceTitle "CBM 06"]

1. e4 c6 2. f4 d5 3. e5 Bf5 4. Nf3 e6 5. d3 c5 6. c3 Nd7 7. Na3 Ne7 8. Nc2 Nc6 9. Be2 Be7 10. O-O O-O 11. Be3 Rc8 12. h3 h6 13. Bf2 Bh7 14. Ne3 Kh8 15. Qe1 f6 16. exf6 Bxf6 17. Bh4 Qb6 18. Qd2 Bxh4 19. Nxh4 Nf6 20. Ng4 c4+ 21. Kh2 Qd8 22. g3 b5 23. Nxf6 Qxf6 24. d4 b4 25. Rae1 bxc3 26. bxc3 Ne7 27. Bg4 Rc6 28. Qe3 Be4 29. Nf3 Rb6 30. Rf2 Rfb8 31. Nd2 Bf5 32. Bd1 Ng8 33. Kg1 Qg6 34. g4 Nf6 35. Bf3 Bd3 36. Rg2 Nh7 37. f5 exf5 38. Bxd5 Rc8 39. gxf5 Qxf5 40. Be6 Rxe6 41. Qxe6 Qxe6 42. Rxe6 Ng5 43. Re3 Rc7 44. Kh2 Rb7 45. Re8+ Kh7 46. Rc8 Nxh3 47. Nxc4 Nf4 48. Rb2 Re7 49. Ne5 Be4 50. Rbb8 g5 51. Rh8+ Kg7 52. Rbg8+ Kf6 53. Rxh6+ 1-0

[Event "Saint John op-2"]
[Site "Saint John CAN"]
[Date "1988.??.??"]
[Round "?"]
[White "Pacey, Kevin"]
[Black "Velikov, Petar"]
[Result "1/2-1/2"]
[WhiteElo "2240"]
[BlackElo "2475"]
[PlyCount "60"]
[GameId "2160767912586842"]
[EventDate "1988.02.08"]
[EventType "swiss"]
[EventRounds "9"]
[EventCountry "CAN"]
[SourceTitle "CBM 06"]

1. e4 c5 2. Nf3 e6 3. Nc3 a6 4. g3 b5 5. Bg2 Bb7 6. d3 d6 7. O-O Ne7 8. Ng5 Nec6 9. f4 Be7 10. Nh3 Nd4 11. f5 e5 12. Nd5 Nd7 13. c3 Nc6 14. Qg4 Bf8 15. Bg5 Nf6 16. Qh4 Be7 17. Nxe7 Qxe7 18. Nf2 Nb8 19. a4 bxa4 20. Rxa4 Nbd7 21. Ng4 h6 22. Ne3 Rg8 23. Bxf6 Nxf6 24. Nc4 Qc7 25. Rfa1 Ke7 26. Na5 Bc8 27. g4 Rb8 28. R4a2 Bd7 29. h3 Bb5 30. Qg3 Rgc8 1/2-1/2

[Event "Saint John op-2"]
[Site "Saint John CAN"]
[Date "1988.??.??"]
[Round "?"]
[White "Perenyi, Bela"]
[Black "Djuric, Stefan"]
[Result "0-1"]
[WhiteElo "2370"]
[BlackElo "2475"]
[PlyCount "72"]
[GameId "2160767912586843"]
[EventDate "1988.02.08"]
[EventType "swiss"]
[EventRounds "9"]
[EventCountry "CAN"]
[SourceTitle "CBM 06"]

1. e4 e5 2. Nf3 Nc6 3. Bb5 a6 4. Ba4 Nf6 5. O-O Be7 6. Re1 b5 7. Bb3 O-O 8. h3 Bb7 9. d3 Re8 10. c3 Bf8 11. Nbd2 d5 12. exd5 Nxd5 13. d4 Qd6 14. Ne4 Qd7 15. a4 bxa4 16. Bxa4 exd4 17. Nxd4 Nb6 18. Bf4 Nxa4 19. Qxa4 Qd5 20. Nf3 Re7 21. Bg5 Re6 22. c4 Qd7 23. Rad1 Qe8 24. Ned2 Nb4 25. Qb3 h6 26. Rxe6 Qxe6 27. Re1 Qd7 28. Bf4 a5 29. Ne5 Qf5 30. Bg3 Bc5 31. Nf1 Rd8 32. Ng4 Rd3 33. Qa4 Bc6 34. Qa1 Nc2 35. Re5 Rxg3 36. Nxg3 Bxf2+ 0-1

[Event "Saint John op-2"]
[Site "Saint John CAN"]
[Date "1988.??.??"]
[Round "?"]
[White "Perenyi, Bela"]
[Black "Russek Libni, Guil"]
[Result "1-0"]
[WhiteElo "2370"]
[BlackElo "2305"]
[PlyCount "67"]
[GameId "2160767912586844"]
[EventDate "1988.02.08"]
[EventType "swiss"]
[EventRounds "9"]
[EventCountry "CAN"]
[SourceTitle "CBM 006"]
[Source "ChessBase"]
[SourceDate "2004.01.01"]
[SourceVersion "1"]
[SourceVersionDate "2004.01.01"]
[SourceQuality "1"]

1. e4 e6 2. d4 d5 3. Nc3 Nc6 4. e5 f6 5. Bb5 Bb4 6. Nf3 Bd7 7. O-O Qe7 8. a4 Qf7 9. Ne2 Bf8 10. Re1 Nge7 11. Nf4 O-O-O 12. Nd3 Ng6 13. c3 Nb8 14. Bxd7+ Nxd7 15. b4 Kb8 16. a5 f5 17. Qa4 Qe8 18. a6 b5 19. Qxb5+ Nb6 20. Qxe8 Rxe8 21. Nc5 h6 22. h4 Rh7 23. h5 Nh8 24. Nh4 Be7 25. Ng6 Bg5 26. Nxe6 Rxe6 27. Nf8 Re8 28. Nxh7 Bxc1 29. Raxc1 Nf7 30. e6 Nd6 31. e7 Nbc8 32. Nf8 Rxe7 33. Rxe7 Nxe7 34. Re1 1-0

[Event "Saint John op-2"]
[Site "Saint John CAN"]
[Date "1988.??.??"]
[Round "?"]
[White "Perenyi, Bela"]
[Black "Watson, William"]
[Result "1/2-1/2"]
[WhiteElo "2370"]
[BlackElo "2535"]
[PlyCount "90"]
[GameId "2160767912586845"]
[EventDate "1988.02.08"]
[EventType "swiss"]
[EventRounds "9"]
[EventCountry "CAN"]
[SourceTitle "CBM 006"]
[Source "ChessBase"]
[SourceDate "2004.01.01"]
[SourceVersion "1"]
[SourceVersionDate "2004.01.01"]
[SourceQuality "1"]

1. e4 c6 2. d4 d5 3. Nc3 dxe4 4. Nxe4 Nd7 5. Bc4 Ngf6 6. Ng5 e6 7. Qe2 Nb6 8. Bd3 h6 9. N5f3 c5 10. dxc5 Bxc5 11. Ne5 Nbd7 12. Ngf3 Nxe5 13. Nxe5 O-O 14. O-O b6 15. b4 Bd6 16. Bb2 Bb7 17. Rad1 Qc7 18. a3 a5 19. Ng4 Nxg4 20. Qxg4 Bxh2+ 21. Kh1 Be5 22. Bxe5 Qxe5 23. f4 Qf6 24. f5 Rad8 25. fxe6 Qxe6 26. Qxe6 fxe6 27. bxa5 bxa5 28. Rxf8+ Kxf8 29. Rb1 Bd5 30. Rb5 a4 31. Ra5 Bc6 32. Ra6 Bd7 33. Kg1 Ke7 34. Kf2 Rc8 35. Ra7 Kd6 36. Ra6+ Kc7 37. Ke3 Kb7 38. Rd6 Kc7 39. Ra6 g5 40. Be4 Rb8 41. Kd4 Rb6 42. Ra5 Bc6 43. Bxc6 Rxc6 44. c4 Rd6+ 45. Kc5 Rc6+ 1/2-1/2

[Event "Saint John op-2"]
[Site "Saint John CAN"]
[Date "1988.??.??"]
[Round "?"]
[White "Petursson, Margeir"]
[Black "Perenyi, Bela"]
[Result "1-0"]
[WhiteElo "2540"]
[BlackElo "2370"]
[PlyCount "105"]
[GameId "2160767912586848"]
[EventDate "1988.02.08"]
[EventType "swiss"]
[EventRounds "9"]
[EventCountry "CAN"]
[SourceTitle "CBM 06"]

1. d4 Nf6 2. c4 c5 3. d5 e6 4. Nc3 exd5 5. cxd5 d6 6. e4 g6 7. f4 Bg7 8. Bb5+ Nfd7 9. a4 O-O 10. Nf3 a6 11. Be2 Re8 12. O-O Nf8 13. e5 Nbd7 14. Ng5 dxe5 15. f5 Nf6 16. g4 b5 17. axb5 c4 18. Be3 h6 19. Nge4 Nxe4 20. Nxe4 Bb7 21. Bxc4 axb5 22. Rxa8 Qxa8 23. Bb3 Rd8 24. Qf3 Bxd5 25. Bxd5 Qxd5 26. Bxh6 Qd3 27. Be3 Nh7 28. Kh1 Kh8 29. h4 Qb3 30. f6 Bf8 31. Rf2 Rd3 32. Re2 Bb4 33. Kg2 Nf8 34. Nf2 Rd6 35. h5 Kg8 36. g5 Qd5 37. Qxd5 Rxd5 38. h6 Ne6 39. Rc2 Kh7 40. Kf3 Nd4+ 41. Bxd4 exd4 42. Nd3 Bd6 43. Kg4 Rf5 44. Rf2 Rd5 45. Re2 Bb4 46. Re7 Bd2 47. Ne5 Bxg5 48. Kxg5 Kg8 49. h7+ Kxh7 50. Rxf7+ Kg8 51. Ra7 Kf8 52. Kf4 g5+ 53. Ke4 1-0

[Event "Saint John op-2"]
[Site "Saint John CAN"]
[Date "1988.??.??"]
[Round "?"]
[White "Petursson, Margeir"]
[Black "Thorsteins, Karl"]
[Result "1-0"]
[WhiteElo "2540"]
[BlackElo "2445"]
[PlyCount "71"]
[GameId "2160767912586849"]
[EventDate "1988.02.08"]
[EventType "swiss"]
[EventRounds "9"]
[EventCountry "CAN"]
[SourceTitle "CBM 06"]

1. d4 Nf6 2. c4 g6 3. Nc3 Bg7 4. e4 d6 5. f4 O-O 6. Nf3 c5 7. d5 e6 8. Be2 exd5 9. cxd5 Re8 10. e5 dxe5 11. fxe5 Ng4 12. Bg5 Qa5 13. O-O Nxe5 14. d6 Nbc6 15. Nd5 Be6 16. Nc7 Nd7 17. Kh1 h6 18. Bh4 Rac8 19. Nxe6 Rxe6 20. Bc4 Rce8 21. Bxe6 Rxe6 22. Qd3 a6 23. Rfe1 Rxe1+ 24. Rxe1 Qxa2 25. b3 Nb4 26. Qe4 Nf6 27. Qxb7 g5 28. Bg3 Nd3 29. Rg1 Nh5 30. Qb8+ Kh7 31. d7 Bf6 32. Be1 Nxe1 33. Rxe1 g4 34. d8=Q Bxd8 35. Qxd8 Nf4 36. Qd2 1-0

[Event "Saint John op-2"]
[Site "Saint John CAN"]
[Date "1988.??.??"]
[Round "?"]
[White "Polaczek, Richard"]
[Black "Garcia, Gildardo"]
[Result "1-0"]
[WhiteElo "2280"]
[BlackElo "2430"]
[PlyCount "69"]
[GameId "2160767912586851"]
[EventDate "1988.02.08"]
[EventType "swiss"]
[EventRounds "9"]
[EventCountry "CAN"]
[SourceTitle "CBM 06"]

1. e4 e5 2. Nf3 Nc6 3. Bb5 a6 4. Ba4 Nf6 5. O-O Nxe4 6. d4 b5 7. Bb3 d5 8. dxe5 Be6 9. Nbd2 Nc5 10. c3 Bg4 11. h3 Bh5 12. Re1 Be7 13. a4 b4 14. Ba2 Qd7 15. Nf1 Rd8 16. Ng3 Bg6 17. Nd4 bxc3 18. bxc3 Nxd4 19. cxd4 Nd3 20. Rf1 c5 21. f4 Be4 22. Nxe4 dxe4 23. d5 c4 24. d6 Bxd6 25. exd6 Qxd6 26. Be3 Rc8 27. Qg4 O-O 28. f5 Rfe8 29. f6 g6 30. Qh4 Re5 31. Rab1 h5 32. Qg3 Qa3 33. Bd4 Ree8 34. Rb7 Re6 35. Qxg6+ 1-0

[Event "Saint John op-2"]
[Site "Saint John CAN"]
[Date "1988.??.??"]
[Round "?"]
[White "Polaczek, Richard"]
[Black "Johnstone, Glenn"]
[Result "1/2-1/2"]
[WhiteElo "2280"]
[BlackElo "2350"]
[PlyCount "95"]
[GameId "2160767912586852"]
[EventDate "1988.02.08"]
[EventType "swiss"]
[EventRounds "9"]
[EventCountry "CAN"]
[SourceTitle "CBM 06"]

1. e4 e5 2. Nf3 Nc6 3. Bb5 a6 4. Ba4 Nf6 5. O-O Be7 6. Re1 b5 7. Bb3 d6 8. a4 Bb7 9. d3 O-O 10. Nc3 b4 11. Nd5 Nxd5 12. Bxd5 Qd7 13. c3 Rab8 14. d4 Bf6 15. Be3 Qe7 16. Qd3 bxc3 17. Qxc3 Nxd4 18. Nxd4 exd4 19. Bxd4 Bxd4 20. Qxd4 c5 21. Qd2 Bxd5 22. Qxd5 Rxb2 23. e5 dxe5 24. Rxe5 Qf6 25. Qxc5 g6 26. Rae1 h5 27. g3 Ra2 28. R5e4 Ra1 29. Rxa1 Qxa1+ 30. Kg2 Qd1 31. Qc6 Rb8 32. Rf4 a5 33. h3 Rd8 34. Qc5 Qd2 35. h4 Qd7 36. Kh2 Qb7 37. Rd4 Rc8 38. Qd5 Qc7 39. Rf4 Rd8 40. Rxf7 Rxd5 41. Rxc7 Rd4 42. Ra7 Rxa4 43. Kg2 Ra2 44. Kf3 a4 45. Ke3 a3 46. f3 Ra1 47. Kf4 a2 48. Kg5 1/2-1/2

[Event "Saint John op-2"]
[Site "Saint John CAN"]
[Date "1988.??.??"]
[Round "?"]
[White "Polaczek, Richard"]
[Black "Lalic, Bogdan"]
[Result "0-1"]
[WhiteElo "2280"]
[BlackElo "2495"]
[PlyCount "92"]
[GameId "2160767912586853"]
[EventDate "1988.02.08"]
[EventType "swiss"]
[EventRounds "9"]
[EventCountry "CAN"]
[SourceTitle "CBM 06"]

1. e4 e6 2. d4 d5 3. Nc3 Bb4 4. e5 c5 5. Nf3 Ne7 6. dxc5 Bxc3+ 7. bxc3 Qa5 8. Qd2 Nd7 9. Bd3 Nc6 10. c4 dxc4 11. Qxa5 Nxa5 12. Be2 Nxc5 13. Bd2 Nc6 14. Bxc4 O-O 15. Bb5 Bd7 16. Be3 Ne4 17. Bd3 Nc3 18. Bd2 Nd5 19. Rb1 b6 20. O-O h6 21. Be4 Rfc8 22. Rfc1 Rab8 23. c4 Nc7 24. Be3 Na6 25. Bxc6 Bxc6 26. Nd4 Nc5 27. f3 Rb7 28. Nb5 Bxb5 29. cxb5 Rbc7 30. Bxc5 Rxc5 31. Rxc5 Rxc5 32. f4 g5 33. g3 Kg7 34. Rb4 Rc1+ 35. Kg2 Rc2+ 36. Kf3 Rxh2 37. Ra4 Rb2 38. Rxa7 Rxb5 39. Ra8 h5 40. Rb8 g4+ 41. Kf2 Rb2+ 42. Kf1 b5 43. a4 Rb3 44. axb5 Rxg3 45. b6 Rb3 46. b7 h4 0-1

[Event "Saint John op-2"]
[Site "Saint John CAN"]
[Date "1988.??.??"]
[Round "?"]
[White "Polaczek, Richard"]
[Black "Stone, Raymond"]
[Result "1-0"]
[WhiteElo "2280"]
[BlackElo "2415"]
[PlyCount "39"]
[GameId "2160767912586854"]
[EventDate "1988.02.08"]
[EventType "swiss"]
[EventRounds "9"]
[EventCountry "CAN"]
[SourceTitle "CBM 06"]

1. e4 c5 2. Nf3 e6 3. Be2 Nc6 4. O-O Nf6 5. Nc3 d6 6. d4 cxd4 7. Nxd4 Be7 8. Be3 O-O 9. f4 a6 10. Kh1 Bd7 11. Qe1 b5 12. Bd3 Qc7 13. Qg3 Nxd4 14. Bxd4 b4 15. e5 dxe5 16. Bxe5 Qb7 17. Ne4 Nh5 18. Qh3 g6 19. Ng5 Bb5 20. Qxh5 1-0